Gerardo Diego /
Gerardo Diego (1896-1989) poeta español, miembro de la generación del 27. Premio Nacional de Literatura en 1925, Premio Miguel de Cervantes en 1981. Obras: Antología en honor a Góngora (1927), Poesía española (1932) considerada como un manifiesto poético del Grupo, El romancero de la novia (1918), S...
Guardado en:
| Autor principal: | |
|---|---|
| Formato: | Libro |
| Idioma: | Español |
| Publicado: |
Madrid, España :
EPESA,
1970, c1970
|
| Colección: | (Grandes Escritores Contemporáneos ,
14) |
| Temas: | |
| Etiquetas: |
Sin etiquetas, Sé el primero en etiquetar este registro!
|
MARC
| LEADER | 00000nam^a2200000^a^4500 | ||
|---|---|---|---|
| 001 | 000123494 | ||
| 005 | 20250521000000.0 | ||
| 009 | 20260310094538.298 | ||
| 037 | |a Acervo ITESO - Biblioteca | ||
| 041 | |a ESP | ||
| 082 | |a 860. 92 |b MAN | ||
| 100 | |a Manrique de Lara, José Gerardo |e (autor) | ||
| 245 | 1 | 0 | |a Gerardo Diego / |c J.G. Manrique de Lara. |
| 264 | 4 | |a Madrid, España : |b EPESA, |c 1970, c1970 | |
| 300 | |a 201 p. | ||
| 336 | |a texto |b txt |2 rdacontenido | ||
| 337 | |a sin mediación |b n |2 rdamedio | ||
| 338 | |a volumen |b nc |2 rdasoporte | ||
| 440 | 1 | |a (Grandes Escritores Contemporáneos , |v 14) | |
| 520 | |a Gerardo Diego (1896-1989) poeta español, miembro de la generación del 27. Premio Nacional de Literatura en 1925, Premio Miguel de Cervantes en 1981. Obras: Antología en honor a Góngora (1927), Poesía española (1932) considerada como un manifiesto poético del Grupo, El romancero de la novia (1918), Soria (1923), Manual de espumas (1924), Versos humanos (1925), Romances (1941), Poemas adrede (1932), La suerte o la muerte (1963), La fundación del querer (1970) y Versos divinos (1971) entre otras. | ||
| 649 | |a XX | ||
| 650 | |a Escritores Españoles - |x Biografías | ||
| 650 | |a Literatura Española - |x Historia y Crítica | ||
| 650 | |a Literatura Española - |y Siglo XX | ||
| 650 | |a Diego, Gerardo | ||
| 910 | |a Fondo Salvador Reynoso Reynoso | ||
| 920 | |a Impresos - Libros | ||
| 930 | |a Fondos Especiales | ||
| 940 | |a Literatura | ||
| 905 | |a 112 | ||
| 901 | |a 0800006736 |b IT2 |c ESP |u 20250521 | ||
| 902 | |a https://opac.biblio.iteso.mx/vufind/Record/000123494 | ||